[Event "AUT-ch U10 Girls"]
[Site "St Veit"]
[Date "2016.05.27"]
[Round "1.5"]
[White "Helmer, Katharina"]
[Black "Kelaptrishvili, Elene"]
[Result "0-1"]
[WhiteElo "800"]
[BlackElo "1211"]
[PlyCount "32"]
[EventDate "2016.05.27"]
[EventType "swiss"]
[EventRounds "7"]
[EventCountry "AUT"]
[SourceTitle "EXT 2024"]
[Source "ChessBase"]
[SourceDate "2023.10.10"]
[SourceVersion "1"]
[SourceVersionDate "2023.10.10"]
[SourceQuality "1"]

1. e4 c5 2. Nc3 d6 3. Nf3 Nf6 4. Bb5+ Nbd7 5. 0-0 a6 6. Bd3 g6 7. b3 Bg7 8. Ba3 d5 9. exd5 Nxd5 10. Bb2 e6 11. Re1 0-0 12. Ng5 Qxg5 13. a4 b5 14. axb5 Bb7 15. Ra4 Ne3 16. fxe3 Qxg2# 0-1